000 00318 a2200145 4500
001 172035
020 _a
040 _cMagnum
100 _aSola, Jose Antonio
240 1 0 _aCanudos: uma utopia no sertao
_lpor
245 1 0 _aCanudos: uma utopia no sertao
362 0 _a1899
697 _aPARADIDATICO
942 _cBK
999 _c172035
_d172035